Review of Slovak Political Development in 2019

Stručný prehľad politických udalostí na Slovensku za rok 2019.

Guardado en:
Detalles Bibliográficos
Autor principal: Csányi, Peter, 1978-
Formato: Capítulo de libro
Lenguaje:inglés
Materias:
Etiquetas: Agregar Etiqueta
Sin Etiquetas, Sea el primero en etiquetar este registro!

MARC

LEADER 00000naa$a2200000$$$4500
001 0271115
005 20240502083820.5
041 0 |a eng 
044 |a HU 
245 1 0 |a Review of Slovak Political Development in 2019  |c Peter Csányi 
520 |a Stručný prehľad politických udalostí na Slovensku za rok 2019. 
610 2 0 |a vývoj politický 
610 2 0 |a strany politické 
610 2 0 |a strany vládne 
610 2 0 |a voľby 
610 2 0 |a Slovensko 
100 1 |a Csányi, Peter, 1978-